| 000 | 00510nam a22001577a 4500 | ||
|---|---|---|---|
| 003 | OSt | ||
| 008 | 260427b |||||||| |||| 00| 0 eng d | ||
| 082 |
_a635.93345 _bS94S |
||
| 100 | _aKumar, Sunil | ||
| 245 | _aStudies on The Effect of Differential Level of Nitrogen and Phosphosrus on Growth Yield and Quality in Bottle Gourd (Lagenaria siceraria Mol) Standl.) | ||
| 260 |
_aPusa, Samastipur _bRAU _c1990 |
||
| 300 | _a68P. | ||
| 502 |
_bMsc. _d1990 |
||
| 650 | _aVegetable and Floriculture | ||
| 942 |
_2ddc _cT |
||
| 999 |
_c50211 _d50211 |
||